Catálogo

La reforma en marcha / (Registro nro. 24768)

Detalles MARC
000 -LEADER
fixed length control field 01237cam a2200361 i 4500
001 - CONTROL NUMBER
control field 24768
003 - CONTROL NUMBER IDENTIFIER
control field Mx-PuUPA
005 - DATE AND TIME OF LATEST TRANSACTION
control field 20250303154516.0
008 - FIXED-LENGTH DATA ELEMENTS--GENERAL INFORMATION
fixed length control field 140415s2015 sp gr 001 0 spa d
017 ## - COPYRIGHT OR LEGAL DEPOSIT NUMBER
Copyright or legal deposit number B-4753-2015
020 ## - INTERNATIONAL STANDARD BOOK NUMBER
International Standard Book Number 9788416128587
040 ## - CATALOGING SOURCE
Original cataloging agency Mx-PuUPA
Language of cataloging spa
Transcribing agency Mx-PuUPA
Modifying agency Mx-PuUPA
Description conventions rda
041 0# - LANGUAGE CODE
Language code of text/sound track or separate title spa
100 1# - MAIN ENTRY--PERSONAL NAME
Personal name Beltramo Álvarez, Andrés,
Dates associated with a name 1979-
9 (RLIN) 16772
Relator term autor
245 13 - TITLE STATEMENT
Title La reforma en marcha /
Remainder of title
Statement of responsibility, etc. Andrés Beltramo Álvarez
250 ## - EDITION STATEMENT
Edition statement Primera edición /
Remainder of edition statement marzo
264 #1 - PRODUCTION, PUBLICATION, DISTRIBUTION, MANUFACTURE, AND COPYRIGHT NOTICE
Place of production, publication, distribution, manufacture Barcelona :
Name of producer, publisher, distributor, manufacturer Editorial Stella Maris,
Date of production, publication, distribution, manufacture, or copyright notice 2015
300 ## - PHYSICAL DESCRIPTION
Extent 279 páginas ;
Dimensions 23 cm
336 ## - CONTENT TYPE
Fuente rdacontent
Content type term texto
Content type code txt
337 ## - MEDIA TYPE
Source rdamedia
Media type term sin medio
Media type code n
338 ## - CARRIER TYPE
Source rdacarrier
Carrier type term volumen
Carrier type code nc
490 0# - SERIES STATEMENT
Series statement Stella Maris. Religión ;
Volume/sequential designation RE27
500 ## - GENERAL NOTE
General note "Emoción y desconcierto en tiempos de Francisco". -- Cubierta
600 04 - SUBJECT ADDED ENTRY--PERSONAL NAME
Personal name Papa Francisco I
General subdivision Crítica e interpretación
600 04 - SUBJECT ADDED ENTRY--PERSONAL NAME
Personal name Francisco I,
Dates associated with a name Papa
General subdivision Pensamiento
600 04 - SUBJECT ADDED ENTRY--PERSONAL NAME
Personal name Francisco,
Dates associated with a name Papa
Chronological subdivision 1936-
650 #7 - SUBJECT ADDED ENTRY--TOPICAL TERM
Source of heading or term armarc
9 (RLIN) 13986
Topical term or geographic name entry element Iglesia
942 ## - ADDED ENTRY ELEMENTS (KOHA)
Source of classification or shelving scheme Dewey Decimal Classification
Koha item type Libro
Classification part 262.13
Item part B42
Suppress in OPAC
Existencias
Withdrawn status Lost status Source of classification or shelving scheme Damaged status Not for loan Collection code Home library Current library Shelving location Date acquired Source of acquisition Cost, normal purchase price Total Checkouts Full call number Barcode Date last seen Cost, replacement price Price effective from Koha item type
    Dewey Decimal Classification     General Biblioteca Karol Wojtyla Biblioteca Karol Wojtyla Sala general 03/12/2013 Donación 0.00   262.13 B42 2015 46233 05/01/2026 0.00 03/12/2013 Libro